Animals By Scientific Name - Statistics

General Stats
  • This quiz has been taken 776 times
    770 since last reset
  • The average score is 15 of 20
Answer Stats
Scientific Name Common Name % Correct
Elephas maximus Asian elephant
95%
Crocodylus Crocodile
95%
Panthera leo Lion
95%
Camelus Camel
94%
Felis domesticus Cat
93%
Giraffa camelopardalis Giraffe
93%
Scorpiones Scorpion
93%
Homo sapiens sapiens Human
92%
Orcinus orca Killer whale
91%
Lama glama Llama
88%
Equus ferus caballus Horse
84%
Ursus maritimus Polar bear
76%
Canis rufus Wolf
73%
Equus quagga Plains zebra
68%
Ursus arctos horribilis Grizzly bear
59%
Panthera onca Jaguar
59%
Corvus Crow
54%
Haliaeetus leucocephalus Bald eagle
24%
Macropus Kangaroo
22%
Procyon lotor Racoon
18%
No matching quizzes found
Score Distribution
Percent of People with Each Score
Percentile by Number Answered
Your Score History
You have not taken this quiz since the last reset